Welcome to the Holygrace Academy Library

Please use search bar below to get started

FINNIGAN'S FLAP (Record no. 8800)

MARC details
000 -LEADER
fixed length control field 00240nam a22001097a 4500
082 ## - DEWEY DECIMAL CLASSIFICATION NUMBER
Classification number 823
Item number STI/F
100 ## - MAIN ENTRY--AUTHOR NAME
Personal name STIMSON, JOAN
245 ## - TITLE STATEMENT
Title FINNIGAN'S FLAP
246 ## - VARYING FORM OF TITLE
Title proper/short title FINNIGAN'S FLAP
Remainder of title FINNIGAN'S FLAP
650 ## - SUBJECT ADDED ENTRY--TOPICAL TERM
Topical Term ENGLISH STORY
942 ## - ADDED ENTRY ELEMENTS (KOHA)
Koha item type Books
Holdings
Withdrawn status Lost status Collection code Home library Current library Date acquired Full call number Accession Number Koha item type
  Lost Fiction Main Library Main Library 24/07/2024 823 STI/F 00602 Books